| 000 -LEADER |
| fixed length control field |
00473cam a22001457a 4500 |
| 008 - FIXED-LENGTH DATA ELEMENTS--GENERAL INFORMATION |
| fixed length control field |
180718b1977 xxu||||| |||| 00| 0 eng d |
| 082 ## - DEWEY DECIMAL CLASSIFICATION NUMBER |
| Classification number |
Ux54 V559 |
| 100 ## - MAIN ENTRY--PERSONAL NAME |
| Personal name |
Venkatasubbiah, H. |
| 245 ## - TITLE STATEMENT |
| Title |
Enterprise and economic change: fifty years of FICCI |
| Statement of responsibility, etc. |
by H. Venkatasubbiah |
| 260 ## - PUBLICATION, DISTRIBUTION, ETC. |
| Place of publication, distribution, etc. |
New Delhi |
| Name of publisher, distributor, etc. |
Vikas |
| Date of publication, distribution, etc. |
1977 |
| 300 ## - PHYSICAL DESCRIPTION |
| Extent |
176p. |
| 650 ## - SUBJECT ADDED ENTRY--TOPICAL TERM |
| Topical term or geographic name entry element |
Federation of Indian Chambers of Commerce |
| 650 ## - SUBJECT ADDED ENTRY--TOPICAL TERM |
| Topical term or geographic name entry element |
Chambers of Commerce - India |
| 650 ## - SUBJECT ADDED ENTRY--TOPICAL TERM |
| Topical term or geographic name entry element |
Government and business - India |